Statistiken für Die häufigsten Nachnamen von jedem Land

Klicken Sie hier um das Quiz zu spielen!

Allgemein

  • Dieses Quiz wurde 247 mal gespielt
    (192 seit der letzten Aktualisierung)
  • Das Durchschnittsergebnis liegt bei 5 aus 11

Antwortstatistiken

LandHäufigster Nachname% Korrekt
DeutschlandMüller
99%
ÖsterreichMüller
99%
USASmith
70%
EnglandSmith
70%
KoreaKim
39%
VietnamNguyen
36%
ChinaLee
31%
IndienKhan
9%
PolenNowak
6%
RusslandIvanov
4%
JapanSaito
1%

Verteilung der Resultate

Perzentil nach korrekt beantworteten Fragen

Anzahl Personen mit jedem Resultat

Ihre Resultats-Entwicklung

Sie haben dieses Quiz seit der letzten Aktualisierung nicht gespielt